000 00685nam a2200229Ia 4500
001 8489
003 GE_BSU
008 181216s||||||||xx |||||||||||||| ||und||
040 _cGE_BSU
080 _a821.353.1-4
100 _aზოიძე,შოთა.
245 _aმიწის მადლი.
245 _bნარკვევი.
245 _cრედ:ლ.ბეჟანიძე;მხატვ:გ.ხოჯაშვილი.
260 _aბათუმი.
260 _bსაბჭ.აჭარა.
260 _c1975.
300 _a27გვ;19სმ.
653 _aმიწის მადლი.
653 _aნარკვევი.
942 _cBK
999 _c41806
_d41806